MARC

Tag First Indicator Second Indicator Subfields
LEADER 00000cam a22000008a 4500
001 in00000027906
005 20151007054645.0
008 870619s1988 deua b s00110 eng
010 |a  86040597  
020 |a 0874133076 (alk. paper) 
035 |a (OCoLC)16129326 
035 |9 AAB5849AM 
040 |a DLC  |c DLC  |d TXA  |d UtOrBLW 
043 |a n-us--- 
049 |a TXAM  |c [A10954185] 
050 0 0 |a PS217.B75  |b M67 1988 
082 0 |a 810/.9/351  |2 19 
100 1 |a Morgan, Winifred,  |d 1938- 
245 1 3 |a An American icon :  |b Brother Jonathan and American identity /  |c Winifred Morgan. 
263 |a 8805 
264 1 |a Newark :  |b University of Delaware Press ;  |a London :  |b Associated University Presses,  |c [1988] 
264 4 |c ©1988 
300 |a 225 pages :  |b illustrations 
336 |a text  |b txt  |2 rdacontent 
337 |a unmediated  |b n  |2 rdamedia 
338 |a volume  |b nc  |2 rdacarrier 
504 |a Bibliography: pages 203-219. 
500 |a Includes index. 
650 0 |a American literature  |y 1783-1850  |x History and criticism. 
650 0 |a Brother Jonathan (Nickname) in literature. 
650 0 |a National characteristics, American, in literature. 
650 0 |a American literature  |y Revolutionary period, 1775-1783  |x History and criticism. 
650 0 |a Brother Jonathan (Nickname) 
650 0 |a Popular culture  |z United States. 
650 0 |a Popular literature  |z United States  |x History and criticism. 
650 0 |a American wit and humor  |x History and criticism. 
999 |a MARS 
999 f f |s 1c5f6fbf-c1ef-3cbd-96f7-e1f6d63ca6fb  |i 36b0fe80-8bde-3f22-bd5d-4e97eb564160  |t 0 
952 f f |p normal  |a Texas A&M University  |b College Station  |c Sterling C. Evans Library  |d Evans: Library Stacks  |t 0  |e PS217.B75 M67 1988  |h Library of Congress classification  |i unmediated -- volume  |m A14810954185 
998 f f |a PS217.B75 M67 1988  |t 0  |l Evans: Library Stacks